000
00218nam a22000857a 4500
008
161122b xxu||||| |||| 00| 0 eng d
100
_9
1330
_a
Tolstoy
245
_a
Leo Tolstoy Short Stories
260
_a
New Delhi
_b
Maanu
_c
2012
999
_c
4042
_d
4042